Toca que toca, dança que dança (Registo nº 3683)

Detalhes MARC
000 -Etiqueta do registo
Cabeçalho 00820nam0a2200277 4500
005 - Identificador da versão
Campo de controlo 20240813122040.0
095 ## -
-- PTBN00667792
010 ## - Número internacional normalizado dos livros (ISBN)
Número (ISBN) 9722611356
021 ## - Número do Depósito Legal
Código do país PT
Número 73108/93
100 ## - Dados gerais de processamento
Dados gerais de processamento 20190603d1994 a y0pory5003 ba
102 ## - Pais de publicação ou produção
País de publicação Portugal
101 0# - Língua de publicação
Língua do texto, banda sonora, etc. Português
215 ## - Descrição física 
Indicação específica da natureza do documento e extensão da espécie 11 p.
Outras indicações físicas il. color
200 1# - Titulo e menção de responsabilidade
Título próprio Toca que toca, dança que dança
Primeira menção de responsabilidade António Torrado
Outras menções de responsabilidade il. Maria Mendes
225 1# - Colecção 
Título próprio da colecção Histórias tradicionais portuguesas contadas de novo
Indicação de volume 7
205 ## - Menção da edição
Menção da edição 2ª ed
210 ## - Publicação, Distribuição, etc. 
Lugar da edição, distribuição, etc. Porto
Nome do editor, distribuidor, etc. Civilização
Data da publicação, distribuição, etc. 1994
606 ## - Nome comum usado como assunto
Número de registo de entrada de autoridade 0001335
Palavra de ordem Literatura portuguesa
Subdivisão de assunto Conto
Código do sistema CA
675 ## - Classificação Decimal Universal (CDU)
Notação 821.134.3-34
Edição 3ª ed.
Língua da edição por
702 #1 - Nome de autor-pessoa física (responsabilidade secundária)
Número de registo de entrada de autoridade 0000040
Palavra de ordem Mendes
Outra parte do nome não tomada para palavra de ordem Maria
Datas 1943-
Código de função Ilustrador / Técnico de desenho computorizado
700 #1 - Nome de autor-pessoa física (responsabilidade principal)
Número de registo de entrada de autoridade 0000033
Palavra de ordem Torrado
Outra parte do nome não tomada para palavra de ordem António
Datas 1939-
966 ## - Identificação da Biblioteca
Sigla EBVEN
942 ## - Elementos de entrada adicionados (Koha)
Tipo de item no Koha Livro
Exemplares
Situação do levantamento Origin of item (home branch) (coded) Biblioteca de empréstimo Código de barras Cota Circulation type (not for loan) Tipo de documento Nota do exemplar Damaged status
  Biblioteca Escolar das Vendas Biblioteca Escolar das Vendas BEV504 8POR TOR   Livro Sem mensagem